Zahraničné obchodné reťazce vs. spotrebné družstvá kapitola 1.5

Vývoj spotrebného družstevníctva na Slovensku. Aktuálny stav spotrebného družstevníctva v SR. Vplyv pôsobenia obchodných reťazcov na hospodárstvo. Zahraničné obchodné reťazce verzus slovenské spotrebné družstvá.

Salvato in:
Dettagli Bibliografici
Autore principale: Kovaľov, Andrej
Natura: Capitolo di libro
Lingua:slovacco
Soggetti:
Tags: Aggiungi Tag
Nessun Tag, puoi essere il primo ad aggiungerne!!

MARC

LEADER 00000naa$a2200000$$$4500
001 0053517
005 20240502071623.7
041 0 |a slo 
044 |a SK 
245 1 0 |a Zahraničné obchodné reťazce vs. spotrebné družstvá  |b kapitola 1.5  |c Andrej Kovaľov 
520 |a Vývoj spotrebného družstevníctva na Slovensku. Aktuálny stav spotrebného družstevníctva v SR. Vplyv pôsobenia obchodných reťazcov na hospodárstvo. Zahraničné obchodné reťazce verzus slovenské spotrebné družstvá. 
610 2 0 |a družstvá spotrebné 
610 2 0 |a história 
610 2 0 |a reťazce obchodné 
610 2 0 |a Slovensko 
100 1 |a Kovaľov, Andrej